Fuzzy Sets and Fuzzy Logic With Engineering Applications (Record no. 11106)

MARC details
000 -LEADER
fixed length control field 00437nam a22001817a 4500
003 - CONTROL NUMBER IDENTIFIER
control field OSt
008 - FIXED-LENGTH DATA ELEMENTS--GENERAL INFORMATION
fixed length control field 220323b ||||| |||| 00| 0 eng d
020 ## - INTERNATIONAL STANDARD BOOK NUMBER
International Standard Book Number 9788120353343
082 ## - DEWEY DECIMAL CLASSIFICATION NUMBER
Classification number 005.131 ROF
100 ## - MAIN ENTRY--PERSONAL NAME
Personal name ROSS,Timothy J
245 ## - TITLE STATEMENT
Title Fuzzy Sets and Fuzzy Logic With Engineering Applications
250 ## - EDITION STATEMENT
Edition statement 4th Ed
260 ## - PUBLICATION, DISTRIBUTION, ETC. (IMPRINT)
Place of publication, distribution, etc New Delhi
Name of publisher, distributor, etc Wiley
Date of publication, distribution, etc 2021
300 ## - PHYSICAL DESCRIPTION
Extent 712
650 ## - SUBJECT ADDED ENTRY--TOPICAL TERM
Topical term or geographic name as entry element ECE
700 ## - ADDED ENTRY--PERSONAL NAME
Personal name DEEPA,SN
942 ## - ADDED ENTRY ELEMENTS (KOHA)
Source of classification or shelving scheme Dewey Decimal Classification
Koha item type Text Books
Holdings
Withdrawn status Lost status Source of classification or shelving scheme Damaged status Not for loan Collection code Home library Current library Date acquired Source of acquisition Currency Cost, normal purchase price Bill Number Total Checkouts Full call number Acc. no. / Barcode Date last seen Actual Cost, discounted price Bill Date Koha item type Checked out Date last borrowed
    Dewey Decimal Classification     B.Tech(ECE) PIET C-LIBRARY PIET C-LIBRARY 19/03/2022 Kirti Praskshan IN Rupees 899.00 IN3696   005.131 ROF 33483 23/03/2022 620.31 19/03/2022 Text Books    
    Dewey Decimal Classification     B.Tech(ECE) PIET C-LIBRARY PIET C-LIBRARY 19/03/2022 Kirti Praskshan IN Rupees 899.00 IN3696   005.131 ROF 33484 23/03/2022 620.31 19/03/2022 Text Books    
    Dewey Decimal Classification     B.Tech(ECE) PIET C-LIBRARY PIET C-LIBRARY 19/03/2022 Kirti Praskshan IN Rupees 899.00 IN3696   005.131 ROF 33485 23/03/2022 620.31 19/03/2022 Text Books    
    Dewey Decimal Classification     B.Tech(ECE) PIET C-LIBRARY PIET C-LIBRARY 19/03/2022 Kirti Praskshan IN Rupees 899.00 IN3696 1 005.131 ROF 33486 31/01/2024 620.31 19/03/2022 Text Books 29/07/2024 31/01/2024
    Dewey Decimal Classification     B.Tech(ECE) PIET C-LIBRARY PIET C-LIBRARY 19/03/2022 Kirti Praskshan IN Rupees 899.00 IN3696   005.131 ROF 33487 23/03/2022 620.31 19/03/2022 Text Books    

Design & Developed by: PIET Central Library
R70 Miles Stone Pattikalyana Samalkha Panipat 132102
mail ID :- [email protected], Phone No:- 0180-2569700 Ex.216